| 000 | 00655nam a2200241Ia 4500 | ||
|---|---|---|---|
| 003 | OSt | ||
| 005 | 20220926044753.0 | ||
| 006 | a|||||r|||| 00| 0 | ||
| 007 | ta | ||
| 008 | 220923b |||||||| |||| 00| 0 eng d | ||
| 037 | _cGeneral Book | ||
| 040 |
_aRTL _cRTL _beng |
||
| 041 |
_2eng _aeng |
||
| 082 | _aX, K0;K6 | ||
| 100 | _aDatta Bhabatosh | ||
| 245 | 0 |
_aEconomics of industrialisation _b A study of the basic problems of an underdeveloped economy |
|
| 250 | _aRev Ed | ||
| 260 | _c1960 | ||
| 300 |
_a331p _ccm. |
||
| 650 | _aGeneral Economics | ||
| 942 |
_hX, K0;K6 _cGB _2CC |
||
| 999 |
_c675775 _d675775 |
||